000 00725nam a2200253Ia 4500
003 OSt
005 20220923214008.0
006 a|||||r|||| 00| 0
007 ta
008 220922b |||||||| |||| 00| 0 hin d
024 _a166,281
037 _cTextual
040 _aARTS
_cARTS
_bhin
041 _2hin
_ahin
082 _aO152,1J32:g, J1
100 _aशुक्ल, रामबहोरी
245 0 _aतुलसी
246 _aTulasī
260 _c1951
650 _a हिन्दी साहित्य
_9156264
650 _aहिन्दी कविता
942 _hO152,1J32:g, J1
_cTEXL
_2CC
999 _c320760
_d320760